[Event "Let's Play Chess!"]
[Site "http://www.queenalice.com/game.php?id=1526559"]
[Date "2018.5.10"]
[Round "-"]
[White "igorjava"]
[Black "danieljaspion"]
[Result "1-0"]
[WhiteElo "1902"]
[BlackElo "1125"]

1. e4 d6 2. Nf3 f6 3. Bc4 Nc6 4. d4 b6 5. h3 Nh6 6. Bb5 Qd7 7. d5 Na5 8. Bxd7+
Bxd7 9. Bxh6 Rg8 10. Bd2 g5 11. b3 Bh6 12. Bxa5 bxa5 13. O-O Bb5 14. c4 Ba6 15.
Qe1 a4 16. Nbd2 Rb8 17. Nd4 e5 18. dxe6 axb3 19. axb3 c5 20. Nf5 1-0

[Event "Let's Play Chess!"]
[Site "http://www.queenalice.com/game.php?id=1526702"]
[Date "2018.5.10"]
[Round "-"]
[White "george941"]
[Black "danieljaspion"]
[Result "1-0"]
[WhiteElo "1750"]
[BlackElo "1047"]

1. e4 c5 2. c3 e5 3. Nf3 f6 4. d4 exd4 5. cxd4 c4 6. Bxc4 Nc6 7. d5 Na5 8. Bd3
g5 9. O-O Bd6 10. Nxg5 Ne7 11. Qh5+ Ng6 12. Nxh7 Qe7 13. Qxg6+ Kd8 14. Nxf6 Rf8
15. Bg5 b6 16. Nh7 Rh8 17. Bxe7+ Bxe7 18. d6 Nc6 19. dxe7+ Kxe7 20. Qg7+ Kd8 21.
Qxh8+ Kc7 22. Rc1 1-0

[Event "Let's Play Chess!"]
[Site "http://www.queenalice.com/game.php?id=1526703"]
[Date "2018.5.10"]
[Round "-"]
[White "danieljaspion"]
[Black "george941"]
[Result "0-1"]
[WhiteElo "1100"]
[BlackElo "1769"]

1. e4 d5 2. exd5 Nf6 3. Bc4 Nxd5 4. Nc3 e6 5. Nce2 Bc5 6. Nc3 Nxc3 7. bxc3 O-O
8. h4 Nd7 9. Rh3 b6 10. Rb1 Bb7 11. Kf1 Ne5 12. Re3 Nxc4 13. Rd3 Qxh4 14. g3 Qh2
15. Nf3 Qh1+ 16. Ng1 Qg2+ 17. Ke1 Qxf2# 0-1

[Event "Skaak Maats"]
[Site "http://www.queenalice.com/game.php?id=1526741"]
[Date "2018.5.10"]
[Round "-"]
[White "Derik_vd_Heever"]
[Black "danieljaspion"]
[Result "1-0"]
[WhiteElo "1505"]
[BlackElo "1131"]

1. e4 e5 2. Nf3 Nh6 3. Nxe5 Bd6 4. Qh5 Rf8 5. g3 Qe7 6. d4 a5 7. Nc3 g6 8. Qxh6
Rh8 9. Qg7 Rf8 10. Qxh7 c5 11. Nd5 Qe6 12. Bh6 Nc6 13. Bxf8 Bxf8 14. Nc7+ Ke7
15. Nxe6 Nxe5 16. dxe5 dxe6 17. Bg2 b6 18. Rd1 Bd7 19. Qh4+ Ke8 20. O-O Be7 21.
Qh8+ Bf8 22. f4 Rc8 23. Rd2 1-0

[Event "Skaak Maats"]
[Site "http://www.queenalice.com/game.php?id=1526742"]
[Date "2018.5.10"]
[Round "-"]
[White "Derik_vd_Heever"]
[Black "danieljaspion"]
[Result "1-0"]
[WhiteElo "1532"]
[BlackElo "1100"]

1. e4 e5 2. Nf3 Bc5 3. Qe2 d6 4. Nc3 Nf6 5. g3 h5 6. Bg2 Qd7 7. O-O a6 8. d3 g6
9. Bg5 Nh7 10. Bd2 Nc6 11. a3 Nd4 12. Nxd4 1-0

[Event "Let's Play Chess!"]
[Site "http://www.queenalice.com/game.php?id=1526747"]
[Date "2018.5.10"]
[Round "-"]
[White "charles31"]
[Black "danieljaspion"]
[Result "1-0"]
[WhiteElo "1591"]
[BlackElo "1100"]

1. e4 e6 2. d4 d6 3. Nc3 h6 4. Nh3 Nf6 5. Bb5+ Bd7 6. Bxd7+ Nbxd7 7. a3 Nb6 8.
e5 dxe5 9. dxe5 Qxd1+ 10. Nxd1 Ne4 11. Be3 f6 12. exf6 Nxf6 13. Bxb6 axb6 14.
O-O Rd8 15. Ne3 Nd5 16. Nxd5 Rxd5 17. Rfd1 Re5 18. Nf4 h5 19. Re1 Bd6 20. Rxe5
Bxe5 21. Nxe6 Bxb2 22. Rb1 Bxa3 23. Nxc7+ Kd7 24. Nd5 Bc5 25. Rd1 Re8 26. Nf6+
Ke6 27. Nxh5 Rf8 28. Rd2 Rf5 29. Ng3 g5 30. Kf1 Re5 31. c4 Bd6 32. Ne2 Re4 33.
Rc2 Bxh2 34. g3 Re5 35. Kg2 Bxg3 36. Kxg3 Kf5 37. Kh3 g4+ 38. Kg3 Re4 39. Kh4
Re6 40. Ng3+ Kf4 41. Nh5+ Kf5 42. c5 Rh6 43. Rd2 Kg6 44. Rd6+ Kf5 45. Rxh6 bxc5
46. Rb6 1-0

[Event "Let's Play Chess!"]
[Site "http://www.queenalice.com/game.php?id=1526748"]
[Date "2018.5.10"]
[Round "-"]
[White "danieljaspion"]
[Black "charles31"]
[Result "0-1"]
[WhiteElo "1100"]
[BlackElo "1585"]

1. e4 e5 2. Nc3 a6 3. Nge2 Nf6 4. b3 Nc6 5. Ng3 d5 6. exd5 Nxd5 7. Bc4 Be6 8.
Nxd5 Bxd5 9. Bxd5 Qxd5 10. Rb1 Bc5 11. c4 Qd4 12. Nf5 Qe4+ 13. Qe2 Qxf5 14. d3
O-O 15. g4 Qe6 16. f3 Nd4 17. Qe4 f5 18. Qxb7 c6 19. Rb2 fxg4 20. fxg4 Qxg4 21.
Rf2 Rxf2 22. Qxa8+ Kf7 23. Kxf2 Nc2+ 24. Kf1 Qf3# 0-1

[Event "joguinho de compadres"]
[Site "http://www.queenalice.com/game.php?id=1526758"]
[Date "2018.5.10"]
[Round "-"]
[White "danieljaspion"]
[Black "MGSCUCIATO"]
[Result "0-1"]
[WhiteElo "1100"]
[BlackElo "1628"]

1. d4 c6 2. Nd2 d5 3. b3 e6 4. e3 Qa5 5. Ne2 g5 6. b4 Bxb4 7. Rb1 Bd6 8. Rb3 b5
9. a3 Qc7 10. Nc3 a6 11. h3 Be7 12. Nf3 f6 13. g3 Nh6 14. g4 a5 15. Bd2 a4 16.
Rb4 Ba6 17. Rh2 Nd7 18. e4 Bxb4 19. axb4 Nf7 20. h4 h5 21. hxg5 fxg5 22. Rxh5
Rxh5 23. gxh5 g4 24. Nh2 Qxh2 25. Ne2 dxe4 26. Nf4 O-O-O 27. Nxe6 Re8 28. Nc5
Nxc5 29. dxc5 g3 30. fxg3 Qxg3+ 31. Ke2 e3 32. Bc3 Qf2+ 33. Kd3 Rd8+ 34. Bd4
Ne5+ 35. Kc3 Nf3 36. Qe2 Qg3 37. Bxe3 Qg7+ 38. Bd4 Qxd4# 0-1

[Event "Let's Play Chess!"]
[Site "http://www.queenalice.com/game.php?id=1527373"]
[Date "2018.5.17"]
[Round "-"]
[White "danieljaspion"]
[Black "george941"]
[Result "0-1"]
[WhiteElo "1047"]
[BlackElo "1752"]

1. Nf3 Nc6 2. d4 d5 3. c3 Nf6 4. Bf4 Bg4 5. h3 Bf5 6. g4 Be4 7. Nbd2 e6 8. Rg1
Qd7 9. Rc1 O-O-O 10. Rg3 Bd6 11. Bxd6 Qxd6 12. Nxe4 dxe4 13. Ng5 Rhf8 14. Nxh7
Nxh7 15. Bg2 Ng5 16. b4 f5 17. Qd2 f4 18. h4 fxg3 19. hxg5 gxf2+ 0-1

[Event "Let's Play Chess!"]
[Site "http://www.queenalice.com/game.php?id=1527456"]
[Date "2018.5.17"]
[Round "-"]
[White "danieljaspion"]
[Black "igorjava"]
[Result "0-1"]
[WhiteElo "1125"]
[BlackElo "1904"]

1. Nc3 e5 2. Ne4 d5 3. Nc3 e4 4. f3 exf3 5. Nxf3 Nf6 6. a4 c5 7. d4 c4 8. b3
cxb3 9. cxb3 Bb4 10. Bd2 O-O 11. Nb1 Nc6 12. Nc3 Qe7 13. Nxd5 Bxd2+ 14. Nxd2
Nxd5 0-1

[Event "Let's Play Chess!"]
[Site "http://www.queenalice.com/game.php?id=1527458"]
[Date "2018.5.17"]
[Round "-"]
[White "danieljaspion"]
[Black "george941"]
[Result "0-1"]
[WhiteElo "1047"]
[BlackElo "1754"]

1. e4 d5 2. Nc3 dxe4 3. Nxe4 Nc6 4. c4 e5 5. d3 Be7 6. f3 Nf6 7. Qa4 O-O 8. Bd2
Bd7 9. Be2 Nd4 10. Rc1 Bxa4 11. b3 Bc6 12. h4 Nxe4 13. fxe4 Bxh4+ 14. Kf1 Qf6+
15. Nf3 g5 16. Kg1 Nxe2+ 0-1

[Event "liberalismo>comunismo"]
[Site "http://www.queenalice.com/game.php?id=1528114"]
[Date "2018.5.22"]
[Round "-"]
[White "danieljaspion"]
[Black "george941"]
[Result "0-1"]
[WhiteElo "1128"]
[BlackElo "1760"]

1. e3 e5 2. Nf3 Nc6 3. c3 Nf6 4. a3 Bc5 5. h4 O-O 6. Qe2 d5 7. d4 exd4 8. exd4
Re8 9. Ne5 Nxe5 10. dxe5 Ng4 11. Bg5 Rxe5 12. Bd2 Rxe2+ 13. Bxe2 Bxf2+ 14. Kd1
d4 15. Rh3 Ne3+ 16. Kc1 Bxh3 17. gxh3 Qd7 0-1

[Event "Let's Play Chess!"]
[Site "http://www.queenalice.com/game.php?id=1528469"]
[Date "2018.5.26"]
[Round "-"]
[White "schalturtjik"]
[Black "danieljaspion"]
[Result "1-0"]
[WhiteElo "2120"]
[BlackElo "1128"]

1. e4 e6 2. d4 d5 3. Nc3 Nf6 4. Bg5 h6 5. Bxf6 gxf6 6. exd5 exd5 7. Qf3 c6 8.
O-O-O Be7 9. Re1 Nd7 10. Bd3 Rg8 11. Nh3 Ne5 12. dxe5 fxe5 13. Rxe5 1-0